Glória Patri - Statistics

General Stats
  • This quiz has been taken 46 times
  • The average score is 15 of 20
Answer Stats
Answer % Correct
Glória
100%
Patri,
100%
et
89%
et
89%
Fílio,
81%
Amen.
74%
Sancto.
74%
Spirítui
74%
et
70%
et
70%
in
70%
in
70%
princípio,
70%
sǽcula
70%
sæculórum.
70%
erat
67%
et
67%
nunc
67%
semper
67%
Sicut
67%
No matching quizzes found
Score Distribution
Percent of People with Each Score
Percentile by Number Answered
Your Score History
You have not taken this quiz